| 000 | 00559nam a22001937a 4500 | ||
|---|---|---|---|
| 003 | OSt | ||
| 005 | 20170303153254.0 | ||
| 008 | 170303b xxu||||| |||| 00| 0 eng d | ||
| 020 | _a0333750934 | ||
| 040 | _c040a | ||
| 082 |
_aWQ 160 _bK673b 1999 |
||
| 100 |
_aKlein, Susan _911755 |
||
| 245 |
_aA book for midwives: _cSusan Klein _bA manuall for traditional birth attendants and community midwives / |
||
| 260 |
_aLondon _bMacmillan _c1999 |
||
| 300 |
_aiii,519p; _bill : _c15 cm, |
||
| 504 | _aIncludes index | ||
| 650 |
_aMidwifery _9481 |
||
| 942 |
_2z _cO_SHELF |
||
| 999 |
_c5640 _d5640 |
||